[Event "Tenerife Norte Team Cup 2nd"]
[Site "Tenerife"]
[Date "2019.06.29"]
[Round "1.1"]
[White "Lopez Reboso, Hector Emilio"]
[Black "Guillermo Gonzalez, Alvaro"]
[Result "0-1"]
[WhiteElo "1991"]
[BlackElo "2023"]
[PlyCount "34"]
[EventDate "2019.06.29"]
[EventType "team-tourn"]
[EventRounds "10"]
[EventCountry "ESP"]
[SourceTitle "EXT 2020"]
[Source "ChessBase"]
[SourceDate "2019.10.17"]
[SourceVersion "1"]
[SourceVersionDate "2019.10.17"]
[SourceQuality "1"]
[WhiteTeam "Ciberjaque Universidad"]
[BlackTeam "Santa Ursula Badnor"]
[WhiteTeamCountry "ESP"]
[BlackTeamCountry "ESP"]

1. e4 c5 2. c3 Nf6 3. e5 Nd5 4. Qf3 e6 5. Bc4 Nb6 6. Bb3 Nc6 7. Qg3 d6 8. exd6 Bxd6 9. Qxg7 Be5 10. Qh6 Qd3 11. Nf3 Nd5 12. Bxd5 exd5 13. Qe3 Bf5 14. Nxe5 Nxe5 15. f4 Qxe3+ 16. dxe3 Nd3+ 17. Ke2 Kd7 0-1

[Event "Tenerife-chT Preferente 1718"]
[Site "Tenerife"]
[Date "2018.03.17"]
[Round "13.1"]
[White "Lopez Reboso, Hector Emilio"]
[Black "Molina Rodriguez, Borja"]
[Result "1/2-1/2"]
[WhiteElo "1989"]
[BlackElo "2190"]
[PlyCount "63"]
[EventDate "2017.11.11"]
[EventType "team-tourn"]
[EventRounds "14"]
[EventCountry "ESP"]
[SourceTitle "EXT 2019"]
[Source "ChessBase"]
[SourceDate "2018.10.10"]
[SourceVersion "1"]
[SourceVersionDate "2018.10.10"]
[SourceQuality "1"]
[WhiteTeam "Ciberjaque Universidad"]
[BlackTeam "El Sauzal Gofio Plus"]
[WhiteTeamCountry "ESP"]
[BlackTeamCountry "ESP"]

1. e4 e5 2. Nf3 Nc6 3. Bb5 a6 4. Bxc6 dxc6 5. 0-0 Qf6 6. d3 Ne7 7. Bg5 Qe6 8. Re1 h6 9. Bc1 Ng6 10. Nbd2 c5 11. a4 a5 12. Nc4 Bd6 13. Bd2 b6 14. b3 0-0 15. Ne3 Qf6 16. Nd5 Qd8 17. h3 Be6 18. Nc3 Qf6 19. Qe2 Rae8 20. Rac1 Nf4 21. Bxf4 Qxf4 22. Qe3 Qf6 23. Nb5 Bd7 24. Nh2 Qg6 25. Nxd6 Qxd6 26. g4 Qf6 27. Nf1 Qg5 28. Qg3 h5 29. Ne3 hxg4 30. hxg4 Be6 31. Kg2 g6 32. Rh1 1/2-1/2

[Event "Tenerife-chT Preferente 1718"]
[Site "Tenerife"]
[Date "2018.03.10"]
[Round "12.1"]
[White "Hernandez Leon, Alberto"]
[Black "Lopez Reboso, Hector Emilio"]
[Result "1-0"]
[WhiteElo "2248"]
[BlackElo "1989"]
[PlyCount "65"]
[EventDate "2017.11.11"]
[EventType "team-tourn"]
[EventRounds "14"]
[EventCountry "ESP"]
[SourceTitle "EXT 2019"]
[Source "ChessBase"]
[SourceDate "2018.10.10"]
[SourceVersion "1"]
[SourceVersionDate "2018.10.10"]
[SourceQuality "1"]
[WhiteTeam "Ebano Casa Venezuela"]
[BlackTeam "Ciberjaque Universidad"]
[WhiteTeamCountry "ESP"]
[BlackTeamCountry "ESP"]

1. Nf3 c5 2. g3 g6 3. Bg2 Bg7 4. 0-0 Nc6 5. d3 d6 6. e4 Bd7 7. c3 Nf6 8. Re1 0-0 9. h3 Qc8 10. Kh2 h6 11. d4 cxd4 12. cxd4 Kh7 13. Nc3 Ng8 14. Be3 Qd8 15. Rc1 a6 16. Qd2 b5 17. e5 dxe5 18. dxe5 Be6 19. Ng5+ hxg5 20. Bxc6 Qxd2 21. Bxd2 Rad8 22. Bxg5 b4 23. Na4 Bxa2 24. Nc5 f6 25. Be3 fxe5 26. b3 Rf6 27. Ba4 Bh6 28. Ne4 Rf3 29. Rc2 Bxb3 30. Bxb3 Nf6 31. Kg2 Bxe3 32. Kxf3 Bb6 33. Ng5+ 1-0

[Event "Tenerife-chT Preferente 1718"]
[Site "Tenerife"]
[Date "2018.02.24"]
[Round "10.1"]
[White "Fernandez Garcia, Jose Luis"]
[Black "Lopez Reboso, Hector Emilio"]
[Result "1-0"]
[WhiteElo "2422"]
[BlackElo "1989"]
[PlyCount "67"]
[EventDate "2017.11.11"]
[EventType "team-tourn"]
[EventRounds "14"]
[EventCountry "ESP"]
[SourceTitle "EXT 2019"]
[Source "ChessBase"]
[SourceDate "2018.10.10"]
[SourceVersion "1"]
[SourceVersionDate "2018.10.10"]
[SourceQuality "1"]
[WhiteTeam "Fundacion La Caja de Canarias"]
[BlackTeam "Ciberjaque Universidad"]
[WhiteTeamCountry "ESP"]
[BlackTeamCountry "ESP"]

1. e4 c5 2. Nf3 Nc6 3. d4 cxd4 4. Nxd4 Nf6 5. Nc3 a6 6. Nxc6 bxc6 7. e5 Ng8 8. Bc4 Qa5 9. Qe2 g6 10. Bf4 Bg7 11. 0-0-0 Nh6 12. h4 0-0 13. h5 g5 14. Bxg5 d5 15. Bb3 Qc7 16. Rh4 f5 17. exf6 exf6 18. Bf4 Qa7 19. Be3 Qb8 20. Bc5 Rd8 21. Rb4 Qc7 22. Bb6 Qd6 23. Bxd8 Qxb4 24. Nxd5 cxd5 25. Qe8+ Bf8 26. Bxd5+ Kg7 27. Bxa8 Qg4 28. Bxf6+ Kxf6 29. Qxf8+ Nf7 30. Bd5 Be6 31. Bxe6 Qxe6 32. h6 Qxa2 33. Rd6+ Kf5 34. Rd7 1-0

[Event "Tenerife-chT Preferente 1718"]
[Site "Tenerife"]
[Date "2017.12.16"]
[Round "5.1"]
[White "Lopez Reboso, Hector Emilio"]
[Black "Hernandez Leon, Alberto"]
[Result "0-1"]
[WhiteElo "1989"]
[BlackElo "2248"]
[PlyCount "56"]
[EventDate "2017.11.11"]
[EventType "team-tourn"]
[EventRounds "14"]
[EventCountry "ESP"]
[SourceTitle "EXT 2019"]
[Source "ChessBase"]
[SourceDate "2018.10.10"]
[SourceVersion "1"]
[SourceVersionDate "2018.10.10"]
[SourceQuality "1"]
[WhiteTeam "Ciberjaque Universidad"]
[BlackTeam "Ebano Casa Venezuela"]
[WhiteTeamCountry "ESP"]
[BlackTeamCountry "ESP"]

1. e4 g6 2. c3 Bg7 3. d4 d6 4. Bc4 Nf6 5. f3 c6 6. Bb3 0-0 7. Ne2 Nbd7 8. 0-0 e5 9. Be3 d5 10. dxe5 Nxe5 11. Bc5 Re8 12. exd5 Nxd5 13. Bxd5 cxd5 14. b3 b6 15. Bd4 Ba6 16. Nf4 Bxf1 17. Qxf1 Bh6 18. g3 Nc6 19. Bf2 d4 20. c4 Bxf4 21. gxf4 Qf6 22. Bg3 h5 23. Nd2 h4 24. Be1 Qxf4 25. Rd1 d3 26. Ne4 Rxe4 27. Bd2 Re3 28. Qf2 Rxf3 0-1

[Event "Tenerife-chT Preferente 1718"]
[Site "Tenerife"]
[Date "2017.12.09"]
[Round "4.1"]
[White "Villagran Carrasco, Juan Carlos"]
[Black "Lopez Reboso, Hector Emilio"]
[Result "1/2-1/2"]
[WhiteElo "2087"]
[BlackElo "1989"]
[PlyCount "125"]
[EventDate "2017.11.11"]
[EventType "team-tourn"]
[EventRounds "14"]
[EventCountry "ESP"]
[SourceTitle "EXT 2019"]
[Source "ChessBase"]
[SourceDate "2018.10.10"]
[SourceVersion "1"]
[SourceVersionDate "2018.10.10"]
[SourceQuality "1"]
[WhiteTeam "Canarias 64"]
[BlackTeam "Ciberjaque Universidad"]
[WhiteTeamCountry "ESP"]
[BlackTeamCountry "ESP"]

1. d4 Nf6 2. c4 c5 3. d5 d6 4. Nc3 g6 5. e4 Bg7 6. Bd3 0-0 7. h3 Nbd7 8. Nf3 Re8 9. 0-0 a6 10. a4 Rb8 11. Re1 h6 12. Bf1 Nh5 13. g4 Nhf6 14. Bf4 b6 15. Qd2 g5 16. Bg3 Rb7 17. Nh2 Ne5 18. f4 gxf4 19. Bxf4 Kh7 20. Bxe5 dxe5 21. Nf3 Qd6 22. Qh2 Nd7 23. Nh4 Nf6 24. Rad1 Rg8 25. Nf5 Bxf5 26. exf5 Bh8 27. Kh1 Rbb8 28. Bd3 Rg5 29. Ne4 Nxe4 30. Rxe4 Bf6 31. h4 Rgg8 32. g5 Bg7 33. Rg1 f6 34. Reg4 Rh8 35. g6+ Kg8 36. h5 a5 37. Be4 Kf8 38. R4g3 Ke8 39. Qc2 Kd8 40. Qb3 Kc7 41. Qb5 Qd7 42. Qc6+ Qxc6 43. dxc6 Rbd8 44. Bd5 Rd6 45. Rd1 Rhd8 46. Rgd3 Bf8 47. Kg2 Bg7 48. Kf3 Bf8 49. Ke4 Bg7 50. b3 Bf8 51. g7 Bxg7 52. Rg1 Bf8 53. Rg8 Kb8 54. Rdg3 Kc7 55. Rh8 Rb8 56. Rgg8 Rdd8 57. Rh7 Kd6 58. Rg6 Rbc8 59. Rf7 Rc7 60. Rfxf6+ exf6 61. Rxf6+ Ke7 62. Rf7+ Kd6 63. Rf6+ 1/2-1/2

[Event "Canarias-chT"]
[Site "San Cristobal de La Laguna"]
[Date "2017.06.22"]
[Round "1.2"]
[White "Lopez Reboso, Hector Emilio"]
[Black "Barlov, Dragan"]
[Result "0-1"]
[WhiteElo "1971"]
[BlackElo "2435"]
[PlyCount "50"]
[EventDate "2017.06.22"]
[EventType "team-swiss"]
[EventRounds "6"]
[EventCountry "ESP"]
[SourceTitle "EXT 2024"]
[Source "ChessBase"]
[SourceDate "2023.10.10"]
[SourceVersion "1"]
[SourceVersionDate "2023.10.10"]
[SourceQuality "1"]
[WhiteTeam "Universidad"]
[BlackTeam "Centro Goya Villa de Teror"]
[WhiteTeamCountry "ESP"]
[BlackTeamCountry "ESP"]

1. e4 c5 2. Nf3 e6 3. d4 cxd4 4. Nxd4 a6 5. Be2 Nf6 6. Bf3 Qc7 7. g3 Be7 8. 0-0 0-0 9. Re1 d6 10. Nc3 Nc6 11. Bg2 Nxd4 12. Qxd4 b5 13. a3 Bb7 14. Qd1 Rac8 15. Bg5 h6 16. Bf4 Nd7 17. Re2 Ne5 18. Nb1 Rfd8 19. c3 Ng6 20. Bc1 d5 21. exd5 Bxd5 22. Bxd5 Rxd5 23. Rd2 Rcd8 24. Rxd5 Rxd5 25. Qe2 Qd7 0-1

[Event "Canarias-chT"]
[Site "Arrecife de Lanzarote"]
[Date "2016.06.25"]
[Round "5.2"]
[White "Lopez Reboso, Hector Emilio"]
[Black "Vert Alcover, Carles"]
[Result "1/2-1/2"]
[WhiteElo "1964"]
[BlackElo "1521"]
[PlyCount "53"]
[EventDate "2016.06.23"]
[EventType "team-swiss"]
[EventRounds "6"]
[EventCountry "ESP"]
[SourceTitle "EXT 2021"]
[Source "ChessBase"]
[SourceDate "2020.10.23"]
[SourceVersion "1"]
[SourceVersionDate "2020.10.23"]
[SourceQuality "1"]
[WhiteTeam "Herbania"]
[BlackTeam "Sociedad Democracia"]
[WhiteTeamCountry "ESP"]
[BlackTeamCountry "ESP"]

1. e4 b6 2. Nc3 Bb7 3. Nf3 e6 4. d4 Nf6 5. Bd3 Bb4 6. Qe2 d6 7. 0-0 Bxc3 8. bxc3 Nbd7 9. Bg5 h6 10. Bd2 Qe7 11. a4 a5 12. Rfe1 0-0 13. c4 Rfe8 14. c3 c5 15. Rab1 Qd8 16. h3 Qc7 17. Qd1 Rab8 18. Bf4 e5 19. Bh2 cxd4 20. cxd4 exd4 21. Nxd4 Ne5 22. Nb5 Qc5 23. Rc1 Re6 24. Bf4 Nxd3 25. Qxd3 Bxe4 26. Qd2 Rbe8 27. Be3 1/2-1/2

[Event "Tenerife-chT Primera"]
[Site "Tenerife"]
[Date "2015.03.21"]
[Round "7.2"]
[White "Lopez Reboso, Hector Emilio"]
[Black "Cabrera Hernandez, Saul"]
[Result "1-0"]
[WhiteElo "1964"]
[BlackElo "1662"]
[PlyCount "75"]
[EventDate "2015.01.24"]
[EventType "swiss"]
[EventRounds "14"]
[EventCountry "ESP"]
[SourceTitle "EXT 2024"]
[Source "ChessBase"]
[SourceDate "2023.10.10"]
[SourceVersion "1"]
[SourceVersionDate "2023.10.10"]
[SourceQuality "1"]
[WhiteTeam "Universidad"]
[BlackTeam "Circulo de Amistad XII Enero"]
[WhiteTeamCountry "ESP"]
[BlackTeamCountry "ESP"]

1. e4 c5 2. Nc3 Nc6 3. Nf3 d6 4. d4 cxd4 5. Nxd4 Nf6 6. Bc4 g6 7. 0-0 Bg7 8. Bg5 0-0 9. Nxc6 bxc6 10. Qe2 Qa5 11. Bd2 Qc7 12. h3 Bb7 13. Rfe1 Rfd8 14. Rab1 e6 15. Bg5 Re8 16. Qf3 Nd7 17. Qg3 Rac8 18. Bd3 d5 19. Qxc7 Rxc7 20. exd5 cxd5 21. Nb5 Rc6 22. Nxa7 Rb6 23. Nb5 Nc5 24. Bf1 e5 25. b3 Ne4 26. Bc1 Rc8 27. c4 d4 28. f3 Nd6 29. Nxd6 Rxd6 30. Bd3 f5 31. c5 Rdd8 32. b4 Re8 33. Bb5 Red8 34. Bg5 Rf8 35. Be7 Rf7 36. Bc4 e4 37. fxe4 fxe4 38. Rf1 1-0

[Event "Tenerife-chT Primera"]
[Site "Tenerife"]
[Date "2015.03.14"]
[Round "6.2"]
[White "Camacho Hernandez, Francisco"]
[Black "Lopez Reboso, Hector Emilio"]
[Result "0-1"]
[WhiteElo "1839"]
[BlackElo "1964"]
[PlyCount "82"]
[EventDate "2015.01.24"]
[EventType "swiss"]
[EventRounds "14"]
[EventCountry "ESP"]
[SourceTitle "EXT 2024"]
[Source "ChessBase"]
[SourceDate "2023.10.10"]
[SourceVersion "1"]
[SourceVersionDate "2023.10.10"]
[SourceQuality "1"]
[WhiteTeam "Casa de Venezuela"]
[BlackTeam "Universidad"]
[WhiteTeamCountry "ESP"]
[BlackTeamCountry "ESP"]

1. c4 e5 2. Nc3 Nf6 3. Nf3 Nc6 4. g3 d5 5. cxd5 Nxd5 6. d3 Be7 7. Qb3 Nxc3 8. bxc3 0-0 9. Bg2 Rb8 10. 0-0 Be6 11. Qc2 Re8 12. a4 Bf6 13. Nd2 Na5 14. Rb1 b6 15. c4 c5 16. Ne4 Be7 17. Bd2 f6 18. Rb2 Qc7 19. Ra1 Nc6 20. Bc3 a5 21. Rf1 Nb4 22. Qb1 Rbd8 23. Qa1 Bd7 24. f4 exf4 25. Rxf4 Bc6 26. Qf1 Rf8 27. Rg4 Bd7 28. Rf4 Bxa4 29. Qf3 Bd7 30. Qh5 Be8 31. Qf3 Bg6 32. h4 Bd6 33. Nxd6 Qxd6 34. h5 Be8 35. h6 Bc6 36. Qg4 g6 37. Bxc6 Qxc6 38. Rb1 Rf7 39. Rf5 Rdf8 40. d4 cxd4 41. Qxd4 gxf5 0-1

[Event "Tenerife-chT Primera 1314"]
[Site "Tenerife"]
[Date "2014.03.22"]
[Round "11.2"]
[White "Gutierrez Garcia, Ramon"]
[Black "Lopez Reboso, Hector Emilio"]
[Result "0-1"]
[WhiteElo "1512"]
[BlackElo "2006"]
[PlyCount "58"]
[EventDate "2013.12.14"]
[EventType "team-tourn"]
[EventRounds "14"]
[EventCountry "ESP"]
[SourceTitle "EXT 2015"]
[Source "ChessBase"]
[SourceDate "2014.11.20"]
[SourceVersion "1"]
[SourceVersionDate "2014.11.20"]
[SourceQuality "1"]
[WhiteTeam "La Victoria 94"]
[BlackTeam "La Gomera"]
[WhiteTeamCountry "ESP"]
[BlackTeamCountry "ESP"]

1. c4 c5 2. Nc3 Nc6 3. g3 g6 4. Bg2 Bg7 5. e4 e5 6. Nge2 d6 7. d3 Nge7 8. Rb1 0-0 9. 0-0 f5 10. f4 fxe4 11. dxe4 Nd4 12. Nxd4 cxd4 13. Nd5 Nxd5 14. cxd5 Bd7 15. b3 Qa5 16. a4 Rac8 17. Ba3 Qa6 18. fxe5 Bxe5 19. Rxf8+ Rxf8 20. Rc1 Rf7 21. Bb2 Qb6 22. Kh1 Rf2 23. Rb1 Qb4 24. Qd3 Bg4 25. Kg1 Re2 26. Qb5 Rxg2+ 27. Kxg2 Qd2+ 28. Kg1 Qe3+ 29. Kf1 Bh3# 0-1

[Event "Tenerife-chT Primera 1314"]
[Site "Tenerife"]
[Date "2014.03.15"]
[Round "10.2"]
[White "Lopez Reboso, Hector Emilio"]
[Black "Septien Lopez, Valeriano"]
[Result "1/2-1/2"]
[WhiteElo "2006"]
[BlackElo "1843"]
[PlyCount "62"]
[EventDate "2013.12.14"]
[EventType "team-tourn"]
[EventRounds "14"]
[EventCountry "ESP"]
[SourceTitle "EXT 2015"]
[Source "ChessBase"]
[SourceDate "2014.11.20"]
[SourceVersion "1"]
[SourceVersionDate "2014.11.20"]
[SourceQuality "1"]
[WhiteTeam "La Gomera"]
[BlackTeam "El Sauzal Libreria Barco II"]
[WhiteTeamCountry "ESP"]
[BlackTeamCountry "ESP"]

1. e4 c5 2. c3 d5 3. exd5 Qxd5 4. d4 cxd4 5. cxd4 e5 6. dxe5 Qxe5+ 7. Be2 Bb4+ 8. Nd2 Bg4 9. h3 Bxe2 10. Nxe2 Nc6 11. 0-0 0-0-0 12. Ng3 Nf6 13. Qc2 Qc5 14. Qxc5 Bxc5 15. Nde4 Nxe4 16. Nxe4 Bb6 17. Bf4 Bc7 18. Be3 Rhe8 19. Nc3 a6 20. Rfc1 Rd3 21. Rab1 Red8 22. Kf1 f5 23. Na4 f4 24. Bc5 b5 25. Nc3 Kb7 26. f3 Ne5 27. Ne4 Nc4 28. b3 Nd2+ 29. Nxd2 Rxd2 30. a4 R8d5 31. Ra1 Bb6 1/2-1/2

[Event "Tenerife-chT Primera 1314"]
[Site "Tenerife"]
[Date "2013.12.21"]
[Round "2.1"]
[White "Rodriguez Redondo, Ethan"]
[Black "Lopez Reboso, Hector Emilio"]
[Result "1/2-1/2"]
[WhiteElo "1619"]
[BlackElo "2006"]
[PlyCount "99"]
[EventDate "2013.12.14"]
[EventType "team-tourn"]
[EventRounds "14"]
[EventCountry "ESP"]
[SourceTitle "EXT 2015"]
[Source "ChessBase"]
[SourceDate "2014.11.20"]
[SourceVersion "1"]
[SourceVersionDate "2014.11.20"]
[SourceQuality "1"]
[WhiteTeam "Cajacanarias Tenerife"]
[BlackTeam "La Gomera"]
[WhiteTeamCountry "ESP"]
[BlackTeamCountry "ESP"]

1. e4 e6 2. d4 d5 3. Nc3 dxe4 4. Nxe4 Nf6 5. Bd3 Be7 6. Nf3 Nbd7 7. 0-0 Nxe4 8. Bxe4 Nf6 9. Bd3 0-0 10. Bg5 h6 11. Bh4 b6 12. c3 Bb7 13. Bc2 Re8 14. Qd3 Be4 15. Qe2 Bxc2 16. Qxc2 Qd5 17. Rfe1 Rad8 18. Ne5 c5 19. Rad1 cxd4 20. Rxd4 Qb7 21. Red1 Rxd4 22. Rxd4 Qc7 23. Bg3 Qc8 24. Qa4 a6 25. Rc4 Qa8 26. Rc6 Qb7 27. Nf3 Qd7 28. Ne5 Qd2 29. Qxa6 Qc1+ 30. Qf1 Qxb2 31. Nc4 Qxa2 32. Nxb6 Rd8 33. Rc8 Qa5 34. Qb1 Nd5 35. Nxd5 Qxd5 36. Rxd8+ Qxd8 37. h3 Kf8 38. Qb8 Qxb8 39. Bxb8 Bf6 40. c4 Ke7 41. Kf1 Bd4 42. Ke2 Kd7 43. f3 Kc6 44. Kd3 Bb2 45. Bf4 f5 46. g4 Bf6 47. Bg3 g6 48. Bf2 Bg7 49. Bg3 Bf6 50. Bf2 1/2-1/2

[Event "Tenerife op 19th"]
[Site "Tenerife"]
[Date "2009.01.13"]
[Round "8"]
[White "Mingorance Torres, Francisco"]
[Black "Lopez Reboso, Hector Emilio"]
[Result "0-1"]
[WhiteElo "1853"]
[BlackElo "1995"]
[PlyCount "82"]
[EventDate "2008.12.29"]
[EventType "swiss"]
[EventRounds "9"]
[EventCountry "ESP"]
[SourceTitle "CBM 128 Extra"]
[Source "ChessBase"]
[SourceDate "2009.03.05"]
[SourceVersion "2"]
[SourceVersionDate "2009.03.25"]
[SourceQuality "1"]

1. d4 b6 2. Nf3 Bb7 3. c4 e6 4. a3 Be7 5. Nc3 f5 6. e4 fxe4 7. Ne5 Nf6 8. h4 d6 9. Ng4 Nbd7 10. Be3 0-0 11. Nxf6+ Nxf6 12. g4 d5 13. g5 Ne8 14. Bh3 Bc8 15. Qb3 c6 16. cxd5 cxd5 17. Ne2 Bd6 18. Rc1 Bd7 19. 0-0 Nc7 20. Rc3 Qe8 21. Bg4 Kh8 22. Ng3 e5 23. Bxd7 Qxd7 24. Rfc1 exd4 25. Bxd4 Nb5 26. Qxd5 Nxc3 27. Rxc3 Rad8 28. Qxe4 Bxg3 29. Bxg7+ Qxg7 30. Rxg3 Qxb2 31. Rg2 Qc1+ 32. Kh2 Qf4+ 33. Qxf4 Rxf4 34. Kg3 Ra4 35. f3 Rd3 36. Rc2 Rd7 37. h5 Rxa3 38. h6 Rd8 39. Kg4 Rf8 40. Rc7 Raxf3 41. Rxa7 R8f4+ 0-1

[Event "Tenerife op 19th"]
[Site "Tenerife"]
[Date "2009.01.02"]
[Round "3"]
[White "Kraus, Oliver"]
[Black "Lopez Reboso, Hector Emilio"]
[Result "1/2-1/2"]
[WhiteElo "2137"]
[BlackElo "1995"]
[PlyCount "161"]
[EventDate "2008.12.29"]
[EventType "swiss"]
[EventRounds "9"]
[EventCountry "ESP"]
[SourceTitle "CBM 128 Extra"]
[Source "ChessBase"]
[SourceDate "2009.03.05"]
[SourceVersion "2"]
[SourceVersionDate "2009.03.25"]
[SourceQuality "1"]

1. e4 e6 2. d4 d5 3. Nc3 dxe4 4. Nxe4 Nf6 5. Bg5 Be7 6. Bxf6 Bxf6 7. Nf3 Nd7 8. Bd3 b6 9. 0-0 Bb7 10. Qe2 0-0 11. Rad1 Qe7 12. Rfe1 Rfe8 13. c3 Rad8 14. Qe3 c5 15. Qf4 cxd4 16. cxd4 h6 17. Re3 Qb4 18. a3 Qa4 19. Rde1 Bxe4 20. Qxe4 Nf8 21. Bc2 Qb5 22. Bb3 Re7 23. Ne5 Bxe5 24. dxe5 Rc7 25. h4 Rd2 26. Rg3 Rxb2 27. Qg4 g6 28. Qf3 h5 29. Kh2 Qc5 30. Re2 Rxe2 31. Qxe2 Qd4 32. Kh3 Rc1 33. Rd3 Rh1+ 34. Kg3 Qxh4+ 35. Kf3 Rc1 36. Ke3 Qh1 37. Qd2 Re1+ 38. Kd4 Rc1 39. Bd1 Rc5 40. f4 Qf1 41. Bf3 Qg1+ 42. Ke4 Rc4+ 43. Rd4 Rc1 44. Kd3 Rc5 45. Rd8 Qb1+ 46. Ke3 Qg1+ 47. Ke2 Qb1 48. Ke3 Qc1 49. Qxc1 Rxc1 50. Kd2 Rc7 51. Ke2 Kg7 52. Rd2 Nd7 53. Be4 Kf8 54. Rb2 Nc5 55. Bf3 Rd7 56. Rc2 Ke7 57. Rc3 Rd4 58. Ke3 Rd7 59. g4 hxg4 60. Bxg4 Rd8 61. Bf3 Rh8 62. a4 Rh2 63. a5 Rb2 64. axb6 axb6 65. Bd1 f6 66. Bc2 fxe5 67. fxe5 g5 68. Rc4 Kf7 69. Kd2 Kg7 70. Kc3 Rb5 71. Rd4 Kh6 72. Rd6 g4 73. Kc4 Rb2 74. Kc3 Rb5 75. Kc4 Rb2 76. Kc3 Rxc2+ 77. Kxc2 Kg5 78. Rxb6 g3 79. Kd2 Kf4 80. Rb8 Kxe5 81. Ke3 1/2-1/2

[Event "ESP-ch Universities"]
[Site "Madrid"]
[Date "2008.05.09"]
[Round "4"]
[White "Lopez Reboso, Hector Emilio"]
[Black "Gil Rodriguez, Isabel Maria"]
[Result "0-1"]
[WhiteElo "2048"]
[BlackElo "1916"]
[PlyCount "87"]
[EventDate "2008.05.08"]
[EventType "swiss"]
[EventRounds "9"]
[EventCountry "ESP"]
[SourceTitle "CBM 124 Extra"]
[Source "ChessBase"]
[SourceDate "2008.07.03"]
[SourceVersion "1"]
[SourceVersionDate "2008.07.03"]
[SourceQuality "1"]

1. e4 c5 2. c3 Nc6 3. Nf3 d6 4. d4 cxd4 5. cxd4 Bg4 6. Be2 g6 7. 0-0 Bg7 8. d5 Nb8 9. Nc3 Nd7 10. h3 Bxf3 11. Bxf3 Ngf6 12. Be3 0-0 13. Rc1 Ne5 14. Be2 Qa5 15. Qb3 Rab8 16. a4 Nfd7 17. f4 Nc5 18. Qa3 Ned3 19. Bxd3 Nxd3 20. Rc2 Nb4 21. Rd2 Rfc8 22. Qb3 a6 23. Rfd1 b5 24. axb5 axb5 25. Kh2 Na6 26. Bd4 Nc5 27. Bxc5 Rxc5 28. Rd3 Rbc8 29. h4 Bxc3 30. bxc3 Rxc3 31. Rxc3 Rxc3 32. Qb2 b4 33. Ra1 Qc5 34. Ra4 Qe3 35. Ra8+ Kg7 36. Rc8 Qxf4+ 37. Kg1 Qe3+ 38. Kh2 Qg3+ 39. Kg1 Qe1+ 40. Kh2 Qxh4+ 41. Kg1 Qe1+ 42. Kh2 Qh4+ 43. Kg1 Qf6 44. Rc6 0-1

[Event "ESP-ch Universities"]
[Site "Madrid"]
[Date "2008.05.08"]
[Round "2"]
[White "Lopez Reboso, Hector Emilio"]
[Black "Fernandez Herrero, Mario"]
[Result "1-0"]
[WhiteElo "2048"]
[BlackElo "1867"]
[PlyCount "53"]
[EventDate "2008.05.08"]
[EventType "swiss"]
[EventRounds "9"]
[EventCountry "ESP"]
[SourceTitle "CBM 124 Extra"]
[Source "ChessBase"]
[SourceDate "2008.07.03"]
[SourceVersion "1"]
[SourceVersionDate "2008.07.03"]
[SourceQuality "1"]

1. e4 e6 2. d4 d5 3. exd5 exd5 4. Nf3 Nf6 5. Bd3 Bd6 6. 0-0 0-0 7. Bg5 Bg4 8. h3 Bh5 9. Re1 Nbd7 10. Nbd2 h6 11. Bh4 Re8 12. c4 dxc4 13. Bxc4 Nb6 14. Bb3 Rxe1+ 15. Qxe1 Bb4 16. Qe5 Bg6 17. Qg3 Kh8 18. Qe5 Qd6 19. Bg3 Rd8 20. Qb5 Qf8 21. Bxc7 Rd7 22. Bxb6 axb6 23. Nc4 Nd5 24. Nce5 Rd8 25. Bxd5 Qd6 26. Bxf7 Be4 27. Bh5 1-0

[Event "Tenerife-chT"]
[Site "Tenerife"]
[Date "2006.05.03"]
[Round "11"]
[White "Lopez Reboso, Hector Emilio"]
[Black "Espinola Martin, Maria del Cristo"]
[Result "0-1"]
[WhiteElo "2029"]
[BlackElo "2053"]
[PlyCount "62"]
[EventDate "2006.01.28"]
[EventType "team"]
[EventRounds "14"]
[EventCountry "ESP"]
[SourceTitle "EXT 2007"]
[Source "ChessBase"]
[SourceDate "2006.11.23"]
[SourceVersion "1"]
[SourceVersionDate "2006.11.23"]
[SourceQuality "1"]

1. e4 c5 2. c4 Nc6 3. Nc3 g6 4. g3 Bg7 5. Bg2 e6 6. d3 Nge7 7. Nge2 b6 8. f4 Bb7 9. 0-0 0-0 10. Be3 Rc8 11. g4 f5 12. gxf5 exf5 13. Ng3 Nd4 14. Nd5 d6 15. Rc1 Qd7 16. Qd2 Rce8 17. Rce1 b5 18. b3 b4 19. h4 h5 20. Bf2 fxe4 21. dxe4 Qg4 22. Nxb4 cxb4 23. Qxb4 Ba8 24. Qxd6 Rxf4 25. Bxd4 Bxd4+ 26. Qxd4 Qxg3 27. Qd7 Bc6 28. Qxa7 Bxe4 29. Re2 Rxh4 30. Rxe4 Qh2+ 31. Kf2 Rxe4 0-1

[Event "Tenerife-chT"]
[Site "Tenerife"]
[Date "2006.03.04"]
[Round "5"]
[White "Lopez Reboso, Hector Emilio"]
[Black "Peraza Vos Van Zalingen, Jorge"]
[Result "1-0"]
[WhiteElo "2029"]
[BlackElo "2160"]
[PlyCount "73"]
[EventDate "2006.01.28"]
[EventType "team"]
[EventRounds "14"]
[EventCountry "ESP"]
[SourceTitle "EXT 2007"]
[Source "ChessBase"]
[SourceDate "2006.11.23"]
[SourceVersion "1"]
[SourceVersionDate "2006.11.23"]
[SourceQuality "1"]

1. e4 e5 2. Nf3 Nf6 3. Nc3 Nc6 4. Bc4 Bc5 5. d3 h6 6. Nd5 d6 7. c3 Nxd5 8. Bxd5 0-0 9. 0-0 Qf6 10. Be3 Ne7 11. Bb3 Ng6 12. d4 Bb6 13. Qd2 Bg4 14. Ne1 Nf4 15. f3 Be6 16. Kh1 Kh8 17. g3 Bxb3 18. axb3 Ne6 19. d5 Nc5 20. Bxc5 Bxc5 21. Nd3 Bb6 22. f4 exf4 23. Rxf4 Qg5 24. Raf1 Rfe8 25. Qg2 f6 26. h4 Qg6 27. Qf3 Re7 28. Rg4 Qh7 29. Nf4 Rf7 30. Ng6+ Kg8 31. h5 Re8 32. Qf5 Be3 33. b4 c6 34. dxc6 bxc6 35. Rd1 c5 36. Rxd6 cxb4 37. Qe6 1-0

[Event "Tenerife-chT"]
[Site "Tenerife"]
[Date "2005.01.29"]
[Round "3"]
[White "Pinto Henriquez, Rodrigo"]
[Black "Lopez Reboso, Hector Emilio"]
[Result "1-0"]
[WhiteElo "2234"]
[BlackElo "2074"]
[PlyCount "47"]
[EventDate "2005.01.15"]
[EventType "team"]
[EventRounds "12"]
[EventCountry "ESP"]
[SourceTitle "EXT 2006"]
[Source "ChessBase"]
[SourceDate "2005.11.24"]
[SourceVersion "1"]
[SourceVersionDate "2005.11.24"]
[SourceQuality "1"]

1. e4 c5 2. Nf3 Nc6 3. Bb5 Qb6 4. Ba4 Qa6 5. Nc3 Nd4 6. d3 e6 7. 0-0 Be7 8. Be3 Nc6 9. d4 cxd4 10. Nxd4 Nxd4 11. Qxd4 Qa5 12. Rad1 Nf6 13. e5 Nd5 14. Nxd5 exd5 15. Bb3 0-0 16. Qxd5 Qc7 17. Rd3 a5 18. Bc4 a4 19. Bd2 Rb8 20. Rc3 b5 21. Qxf7+ Kh8 22. Qxe7 Bb7 23. Rg3 Rg8 24. Bh6 1-0